Televisión, violencia e infancia: el impacto de los medios
Đã lưu trong:
| Tác giả chính: | |
|---|---|
| Định dạng: | Sách |
| Ngôn ngữ: | Tiếng Tây Ban Nha |
| Được phát hành: |
Barcelona
Gedisa
2000
|
| Phiên bản: | 1a. ed |
| Loạt: | Estudios de Televisión
|
| Những chủ đề: | |
| Các nhãn: |
Thêm thẻ
Không có thẻ, Là người đầu tiên thẻ bản ghi này!
|
MARC
| LEADER | 00000nam a2200000 a 4500 | ||
|---|---|---|---|
| 001 | UCK3630 | ||
| 003 | CL-VaPUC | ||
| 008 | 050506e20000000SP |||||||||||||||||spa|d | ||
| 020 | |a 8474328020 | ||
| 082 | 0 | 4 | |a 302.2345 |b GAR |2 21 |
| 100 | |a García Galera, María del Carmen |e author |9 600372 | ||
| 245 | 1 | 0 | |a Televisión, violencia e infancia: el impacto de los medios |
| 250 | |a 1a. ed | ||
| 300 | |a 222 p | ||
| 942 | |c BK | ||
| 945 | |d 20050506 00:00:00 |a cmena | ||
| 260 | |a Barcelona |b Gedisa |c 2000 | ||
| 650 | 0 | |a Sociología |9 255410 | |
| 650 | 0 | |a Influencia social |9 309315 | |
| 650 | 0 | |a Televisión |9 256845 | |
| 650 | 0 | |a Violencia |9 255411 | |
| 650 | 0 | |a Medios de comunicación de masas |9 257273 | |
| 650 | 0 | |a Niños |9 255605 | |
| 583 | |a last modification |c 20050506 00:00:00 |k Rodrigo Vera | ||
| 490 | 0 | |a Estudios de Televisión | |
| 999 | |c 312749 |d 312747 | ||
| 952 | |0 0 |1 0 |4 0 |6 302_234500000000000_GAR_2000 |7 0 |8 A |9 383468 |a BIBCUR |b BIBCUR |d 2019-11-21 |i 4121198 |o 302.2345 GAR 2000 |p 4121198 |r 2025-04-22 |w 2019-11-21 |y BK |k MGC | ||